03755nam a2200469 i 450000100060000000300080000600500170001400600190003100700150005000800410006501900140010602000280012002000180014803500220016604000310018805000230021908200170024224501000025926400700035930000580042933600310048733700330051833800430055149000860059450400420068050516680072258800830239059001620247365000760263565000590271165000790277065000610284965100490291065100520295965500270301170000310303870000360306979700180310583000820312385600630320599900170326838513FINmELB20241216221603.0m o u cr cn|||||||||211210s2011 sp a ob 000 0 spa d a751744253 a9783964561763q(e-book) z9788484896036 a(OCoLC)1289858532 aFINmELBbspaerdacFINmELB 4aPQ6066b.S545 201104a860.900322303aEl Siglo de Oro en la España contemporánea /cHanno Ehrlicher, Stefan Schreckenberg (eds.). 1aMadrid :bIberoamericana ;aFrankfurt am Main :bVervuert,c2011. a1 recurso en línea (326 páginas) :bilustraciones atextobtxt2rdacontent/spa acomputadorabc2rdamedia/spa arecurso en líneabcr2rdacarrier/spa1 aEdiciones de Iberoamericana. Serie A, Historia y crítica de la literatura ;v55 aIncluye referencias bibliográficas.0 aEl Barroco en el laboratorio de las revistas (1914-1930) / Aurora Egido -- De la escena al manual : el canon moderno de Lope de Vega / Fernando Doménech Rico -- El Siglo de Oro en el Prado del siglo XX / Javier Portús -- 1492 como lugar de memoria español : análisis del desarrollo de la memoria cultural en España desde el fin del siglo XIX / Steffen Just -- El Siglo de Oro y el discurso legitimador de la Iglesia Católica en la España contemporánea / Manfred Tietz -- Lezama Lima y Góngora : analogías y el uso de la metáfora en la poesía / Ingrid Simson -- Cervantes contra Cervantes : relecturas conmemorativas / Burkhard Pohl -- El Siglo de Oro bajo el prisma de la novela histórica contemporánea : aprensión e interpretación de una imagen / Isabelle Touton -- El sitio de Breda de Calderón y Las lanzas de Velázquez en El sol de Breda de Arturo Pérez-Reverte : transformaciones de un lugar de memoria / Stefan Schreckenberg -- Refuncionalizaciones de un entremés cervantino : nuevos retablos de las maravillas en el teatro español del siglo XX / Hanno Ehrlicher -- Tradición propagandística : el auto sacramental franquista / Carey Kasten -- Avatares cinematográficos de Don Juan en tiempos de la democracia : las películas Don Juan, mi querido fantasma de Antonio Mercero y Don Juan en los infiernos de Gonzalo Suárez / Hartmut Nonnenmacher -- De la (im)ponencia de un mito : la cultura española contemporánea a la búsqueda de Don Juan / Sabine Schmitz -- Dos vidas autovisuales : Teresa de Jesús de Josefina Molina (1984) y Teresa : el cuerpo de Cristo de Ray Loriga (2007) / Paul Julian Smith. aDescripción basada en metadatos suministrados por el editor y otras fuentes. aRecurso electrónico. Santa Fe, Arg.: elibro, 2021. Disponible vía World Wide Web. El acceso puede estar limitado para las bibliotecas afiliadas a elibro. 0aSpanish literatureyClassical period, 1500-1700xHistory and criticism. 4aLiteratura españolaySiglo XXxHistoria y crítica. 4aLiteratura españolayPeriodo clásico, 1500-1700xHistoria y crítica. 0aSpanish literaturey20th centuryxHistory and criticism. 0aSpainxHistoryyHouse of Austria, 1516-1700. 4aEspañaxHistoriaxCasa de Austria, 1516-1700. 4aLibros electrónicos.1 aEhrlicher, Hanno,eeditor.1 aSchreckenberg, Stefan,eeditor.2 aelibro, Corp. 0aEditionen der Iberoamericana.nSerie A,pLiteraturgeschichte und -kritikv55.40uhttps://elibro.net/ereader/politecnicointernacional/174376 c38513d38513